• 首页
  • 本馆介绍
  • 公告通知
  • 最新文献
  • 馆藏检索
  • 电子资源
  • 读者导购
  • 参考咨询
  • 我的图书馆
  • 登录
  • 详细信息显示
  • 放入我的书架
  • 预约/预借图书
  • 作者相关作品
  • 分类相关作品
  • 丛书相关作品
  • 出版社相关作品

书目信息

  • 表格格式
  • 工作单格式
  • 卡片格式
题名:
生物流体力学
    
 
作者: 陶祖莱 编
分册:  
出版信息: 北京   科学出版社  1984
页数: 853页
开本: 19cm
丛书名:
单 册:
中图分类: Q66
科图分类:
主题词: 生物流体力学
电子资源:
ISBN:
000 00574nam0 2200229 45
001 0184009426
005 20061123173029.10
010    @dCNY4.20
091    @aCN@b13031.2681
100    @a19950420d1984 em y0chiy0121 ea
101 0  @achi
102    @aCN@b110000
105    @ay z 000yy
200 10 @a生物流体力学@Asheng wu liu ti li xue@f陶祖莱编
210    @a北京@c科学出版社@d1984
215    @a853页@d19cm
606    @a生物流体力学
690    @aQ66@v3
701  0 @a陶祖莱@Atao zu lai@4编
801  2 @aCN@bNLC@c20061123
801  0 @aCN@bTSSF
905    @a10447@dQ66@e7
    
    生物流体力学/陶祖莱编.-北京:科学出版社,1984
    853页;19cm
    
    
    ISBN :CNY4.20
    
●
相关链接 在E读中查询图书 在五车中查询图书 在当当中查询图书 在豆瓣中查询图书


正题名:生物流体力学     索取号:Q66/7         预约/预借

序号 登录号 条形码 馆藏地/架位号 状态 备注
1 0123960   202108058   第二样本阅览室/ [索取号:Q66/7] 在馆    
唐山师范学院图书馆 欢迎您!
大连网信软件有限公司© 版权所有